Principles of Engineering Geology and Geotechnics (Record no. 226348)

MARC details
000 -LEADER
fixed length control field 00537nam a2200205Ia 4500
008 - FIXED-LENGTH DATA ELEMENTS--GENERAL INFORMATION
fixed length control field 240823s9999||||xx |||||||||||||| ||und||
020 ## - INTERNATIONAL STANDARD BOOK NUMBER
International Standard Book Number 81-239-0603-X
082 ## - DEWEY DECIMAL CLASSIFICATION NUMBER
-- 624.151 P5
100 ## - MAIN ENTRY--PERSONAL NAME
Personal name Dimitri P Krynine
245 #0 - TITLE STATEMENT
Title Principles of Engineering Geology and Geotechnics
250 ## - EDITION STATEMENT
Edition statement 1st
260 ## - PUBLICATION, DISTRIBUTION, ETC. (IMPRINT)
Date of publication, distribution, etc 2005
Name of publisher, distributor, etc "CBS Publishers & Distributors,New "
500 ## - GENERAL NOTE
General note YES
650 ## - SUBJECT ADDED ENTRY--TOPICAL TERM
Topical term or geographic name as entry element Geology and Geotechnics
700 ## - ADDED ENTRY--PERSONAL NAME
Personal name William R Judd
942 ## - ADDED ENTRY ELEMENTS (KOHA)
Item type Books
Holdings
Withdrawn status Lost status Damaged status Permanent location Current location Shelving location Date acquired Source of acquisition Cost, normal purchase price Full call number Barcode Date last seen Koha item type
      CENTRAL LIBRARY, NOORUL ISLAM CENTRE FOR HIGHER EDUCATION CENTRAL LIBRARY, NOORUL ISLAM CENTRE FOR HIGHER EDUCATION   02/07/2017 Tamil Nadu Book House 495.00 624.151 P5 74974 08/23/2024 Books
Visitors:
Copyright © 2024 Central Library NICHE.  All rights reserved.